000 00233nam a22001097a 4500
041 _aeng
080 _a80
100 _aNeufeldt, V., Guralnik, D. B.
245 _aWebster`s New World Dictonery
650 _aReference
999 _c278148
_d278148
942 _cBK